000 00535nam a2200205Ia 4500
003 OSt
005 20220918231307.0
006 a|||||r|||| 00| 0
007 ta
008 220917b |||||||| |||| 00| 0 eng d
024 _a275,222
037 _cTextual
040 _aARTS
_cARTS
_beng
041 _2eng
_aeng
082 _aX723.73, F3
245 0 _aCommissioners of his majestys inland revenue for the year ended 31st march, 1922
260 _c1923
942 _hX723.73, F3
_cTEXL
_2CC
999 _c290430
_d290430